000 00446nam a2200157 a 4500
005 20140412111315.0
008 001218s19uu xx 00 eng d
020 _a0-88101-252-1
050 _aER
_bOn2 1992
245 _a1 2 3 little Piggy for me /
_cillustrated by Mary Hilderbrandt.
260 _a[s.l.] :
_bThe Unicorn Publishing House,
_c1992.
300 _a1 v. (unp.) ; ill.
650 _aCounting
650 _aNumbers
999 _c104206
_d104206